Statistics for Country Neighbour Connect: Largest, starting with Albania

Click here to take the quiz!

General Stats

  • This quiz has been taken 142 times
  • The average score is 74 of 154

Answer Stats

COUNTRY % Correct
Albania
100%
Greece
92%
Turkey
88%
Iran
84%
Pakistan
82%
Russia
79%
Kazakhstan
79%
China
79%
Afghanistan
76%
Turkmenistan
76%
Uzbekistan
73%
Kyrgyzstan
72%
Tajikistan
70%
Mongolia
61%
France
57%
Germany
57%
Ukraine
57%
Poland
57%
Guyana
56%
Ecuador
56%
Colombia
56%
Venezuela
56%
Brazil
56%
Peru
56%
Argentina
56%
Bolivia
56%
Mexico
55%
United States
55%
Guatemala
55%
Canada
55%
Belize
55%
Panama
55%
Costa Rica
55%
Suriname
55%
Honduras
54%
Nicaragua
54%
El Salvador
54%
Niger
51%
Mali
51%
Chad
51%
Côte d'Ivoire
51%
Sudan
51%
Senegal
51%
Mauritania
51%
Guinea
51%
Paraguay
51%
Libya
51%
Spain
51%
Chile
51%
Morocco
51%
Algeria
51%
Namibia
49%
Angola
49%
South Africa
49%
Mozambique
49%
Democratic Republic of the Congo
49%
Tanzania
49%
Kenya
49%
Cameroon
49%
Central African Republic
49%
Uruguay
49%
Ghana
49%
Burkina Faso
49%
Nigeria
49%
Benin
49%
Togo
49%
Eritrea
48%
South Sudan
48%
Djibouti
48%
Burundi
48%
Uganda
48%
Rwanda
48%
Zambia
48%
Somalia
48%
Botswana
48%
Zimbabwe
48%
Ethiopia
48%
Malawi
48%
Equatorial Guinea
47%
Gabon
47%
Republic of the Congo
47%
Oman
46%
Yemen
46%
Saudi Arabia
46%
United Arab Emirates
46%
Jordan
46%
Qatar
46%
Kuwait
46%
Iraq
46%
Israel
46%
Swaziland
46%
Syria
46%
Lesotho
46%
Egypt
46%
Lebanon
45%
Gambia
45%
Guinea-Bissau
45%
Liberia
45%
Sierra Leone
45%
Serbia
41%
Croatia
41%
Bulgaria
41%
Macedonia
41%
Kosovo
41%
Romania
41%
Bosnia and Herzegovina
41%
Montenegro
41%
Portugal
41%
Italy
41%
Hungary
41%
Austria
41%
Moldova
40%
Slovakia
40%
Slovenia
40%
Czech Republic
40%
Andorra
40%
Tunisia
40%
Liechtenstein
39%
Switzerland
39%
San Marino
38%
Vatican City
38%
United Kingdom
38%
Ireland
38%
Belgium
37%
Luxembourg
37%
Netherlands
37%
Denmark
36%
Norway
35%
Finland
35%
Sweden
35%
Estonia
35%
Latvia
35%
Monaco
35%
Belarus
35%
Lithuania
35%
South Korea
34%
North Korea
34%
Malaysia
33%
Indonesia
33%
Papua New Guinea
33%
Burma
33%
Thailand
33%
East Timor
32%
Brunei
32%
Vietnam
31%
Cambodia
31%
Georgia
31%
Laos
31%
India
31%
Azerbaijan
31%
Armenia
31%
Bhutan
30%
Bangladesh
30%
Nepal
30%

Score Distribution

Percentile by Number Answered

Percent of People with Each Score

Your Score History

You have not taken this quiz